000 00813nam a22002295i 4500
001 54773
003 ES-MaACL
005 20250716053239.0
007 t|
008 960729s1872 sp ||||1| spa d
040 _aCAM
_bspa
_cCAM
100 1 _aGaboriau, Emile.
_953145
245 1 3 _aEl crimen de Orcival /
_cpor Emilio Gaboriau ; traducida por Joaquina García Balmaseda.
260 _aMadrid :
_b[s.n.],
_c1872 (
_fImp. de "La Correspondencia de España" á cargo de Julián Gonzalez)
300 _a146 p. ;
_c24 cm.
490 1 _aBiblioteca de La Correspondencia de España
500 _aTexto a dos columnas.
700 1 _aGarcía Balmaseda, Joaquina,
_d1837-1911
_954217
830 0 _aBiblioteca de La Correspondencia de España
_9182488
852 _aES-MaACL
_jT-673-F-3
999 _c54773
_d54773